Statistiques concernant Géographie par image - E

Cliquez ici pour prendre le quiz!

Statistiques générales

  • Ce quiz a été pris 10 764 fois
    (10 755 depuis la dernière actualisation)
  • Le résultat moyen est 11 sur 18

Statistiques - réponses

Réponse% Correct
Égypte
99%
Eiffel
98%
Équateur
93%
Espagne
91%
Éthiopie
86%
Empire State Building
77%
Everest
74%
Etna
66%
Estonie
60%
Estuaire
58%
Érié
57%
Émirats arabes unis
55%
Everglades
49%
Édimbourg
45%
Euphrate
45%
Elbe
29%
Essex
28%
Erevan
22%

Distribution des résultats

Percentile par nombre de réponses

% des personnes avec chaque résultat

Votre développement - résultats

Vous n’avez pas pris ce quiz depuis la dernière actualisation